[Event "2. Bundesliga West 2019/20"]
[Site "Jenbach"]
[Date "2019.10.04"]
[Round "1"]
[Board "1"]
[White "Schlosser, Philipp"]
[Black "Barp, Alberto"]
[Result "1/2-1/2"]
[WhiteElo "2514"]
[BlackElo "2396"]
[PlyCount "59"]
[EventDate "2019.10.04"]
[EventType "team"]
[EventRounds "11"]
[EventCountry "AUT"]
[WhiteTeam "Jenbach 2"]
[BlackTeam "Kufstein/Woergl"]

1. c4 e5 2. g3 c6 3. d4 e4 4. Nc3 d5 5. Bg2 Nf6 6. cxd5 cxd5 7. Bg5 Nbd7 8. Qb3
Bd6 9. Nh3 h6 10. Bd2 Nb6 11. Nb5 Bb8 12. Ba5 O-O 13. e3 g5 14. Ng1 a6 15. Na3
Bc7 16. Ne2 Nbd7 17. Bxc7 Qxc7 18. O-O Qb6 19. Rfc1 Qxb3 20. axb3 Nb6 21. Rc7
Rd8 22. b4 Ne8 23. Rc5 Be6 24. b3 Nd7 25. Rcc1 Nd6 26. Nc3 b5 27. Kf1 Rac8 28.
Ke1 Rc7 29. Kd2 Rdc8 30. Rc2  1/2-1/2

[Event "2. Bundesliga West 2019/20"]
[Site "Jenbach"]
[Date "2019.10.04"]
[Round "1"]
[Board "2"]
[White "Seresin, Francesco"]
[Black "Reich, Thomas"]
[Result "1/2-1/2"]
[WhiteElo "2362"]
[BlackElo "2376"]
[PlyCount "128"]
[EventDate "2019.10.04"]
[EventType "team"]
[EventRounds "11"]
[EventCountry "AUT"]
[WhiteTeam "Kufstein/Woergl"]
[BlackTeam "Jenbach 2"]

1. d4 d5 2. c4 e6 3. Nc3 c5 4. cxd5 exd5 5. Nf3 Nc6 6. g3 Nf6 7. Bg2 cxd4 8.
Nxd4 Qb6 9. Nxc6 bxc6 10. O-O Be7 11. b3 O-O 12. Bb2 Bf5 13. Na4 Qb5 14. Qd4
Rfe8 15. e3 Bf8 16. Rac1 Nd7 17. Qf4 Bg6 18. Rfd1 Qb7 19. h4 Re6 20. Qd4 Rae8
21. Nc5 Nxc5 22. Rxc5 Be4 23. Ra5 Bxg2 24. Kxg2 a6 25. Qd3 Ra8 26. Ra4 Qc8 27.
h5 Qe8 28. Rxa6 Rxa6 29. Qxa6 Rh6 30. Qe2 Qe4+ 31. Qf3 Qc2 32. Bd4 Qxa2 33. Ra1
Qxb3 34. Ra7 f6 35. Qf5 Qb8 36. Qe6+ Kh8 37. Qf7 Rxh5 38. Qxh5 c5 39. Rd7 cxd4
40. exd4 h6 41. Qxd5 Qe8 42. Ra7 Kh7 43. Ra8 Qe7 44. Qf5+ g6 45. Qf3 h5 46. d5
f5 47. Ra6 Qe5 48. Re6 Qd4 49. Ra6 Kg7 50. d6 h4 51. gxh4 Bxd6 52. h5 Qf6 53.
hxg6 Qg5+ 54. Kf1 Qc1+ 55. Ke2 Qc2+ 56. Ke1 Qb1+ 57. Kd2 Qb2+ 58. Ke1 Qb1+ 59.
Ke2 Qc2+ 60. Kf1 Qc1+ 61. Kg2 Qg5+ 62. Kh3 Qh6+ 63. Kg2 Qg5+ 64. Kf1 Qc1+
 1/2-1/2

[Event "2. Bundesliga West 2019/20"]
[Site "Jenbach"]
[Date "2019.10.04"]
[Round "1"]
[Board "3"]
[White "Pali, Philipp"]
[Black "Bertagnolli, Alexander"]
[Result "1-0"]
[WhiteElo "2249"]
[BlackElo "2346"]
[PlyCount "55"]
[EventDate "2019.10.04"]
[EventType "team"]
[EventRounds "11"]
[EventCountry "AUT"]
[WhiteTeam "Jenbach 2"]
[BlackTeam "Kufstein/Woergl"]

1. c4 g6 2. g3 Bg7 3. Bg2 f5 4. Nc3 d6 5. d3 Nc6 6. e4 Nf6 7. Nge2 O-O 8. O-O
Be6 9. Nd5 fxe4 10. dxe4 Ne5 11. Nd4 Bf7 12. b3 e6 13. Nc3 c5 14. Nde2 Nc6 15.
Bg5 a6 16. Qd2 Qc7 17. Rad1 Rad8 18. Qf4 Be8 19. Bh3 Qf7 20. Qh4 Kh8 21. Nf4
Nd4 22. Rxd4 cxd4 23. Bxe6 dxc3 24. Bxf7 Rxf7 25. Nxg6+ Kg8 26. Ne7+ Rxe7 27.
Bxf6 Rxe4 28. Qg5  1-0

[Event "2. Bundesliga West 2019/20"]
[Site "Jenbach"]
[Date "2019.10.04"]
[Round "1"]
[Board "4"]
[White "Rusche, Johannes"]
[Black "Binder, Moriz"]
[Result "1/2-1/2"]
[WhiteElo "2284"]
[BlackElo "2197"]
[PlyCount "69"]
[EventDate "2019.10.04"]
[EventType "team"]
[EventRounds "11"]
[EventCountry "AUT"]
[WhiteTeam "Kufstein/Woergl"]
[BlackTeam "Jenbach 2"]

1. e4 e5 2. Nf3 Nc6 3. Bb5 a6 4. Ba4 Nf6 5. O-O Be7 6. Re1 b5 7. Bb3 d6 8. c3
O-O 9. h3 Nb8 10. d4 Nbd7 11. Nbd2 Bb7 12. Bc2 Re8 13. a4 c5 14. d5 c4 15. Nf1
Qc7 16. Ne3 g6 17. Nh2 h5 18. Nf3 Reb8 19. Ng5 Nf8 20. Rf1 N6d7 21. Nf3 Nc5 22.
Nh2 Nfd7 23. Kh1 Nf6 24. Qf3 Bc8 25. g4 hxg4 26. Nexg4 Bxg4 27. Nxg4 Nxg4 28.
Qxg4 Qd7 29. Qxd7 Nxd7 30. axb5 axb5 31. Be3 Bd8 32. f4 Kg7 33. fxe5 Nxe5 34.
Ba7 Rb7 35. Be3  1/2-1/2

[Event "2. Bundesliga West 2019/20"]
[Site "Jenbach"]
[Date "2019.10.04"]
[Round "1"]
[Board "5"]
[White "Micheli, Carlo"]
[Black "Neuschmied, Siegfried"]
[Result "0-1"]
[WhiteElo "2212"]
[BlackElo "2268"]
[PlyCount "186"]
[EventDate "2019.10.04"]
[EventType "team"]
[EventRounds "11"]
[EventCountry "AUT"]
[WhiteTeam "Jenbach 2"]
[BlackTeam "Kufstein/Woergl"]

1. c4 e5 2. g3 c6 3. Nf3 e4 4. Nd4 d5 5. cxd5 cxd5 6. Nc3 Nc6 7. Nxc6 bxc6 8.
d3 f5 9. Bg2 Nf6 10. O-O Be7 11. Bf4 O-O 12. Rc1 Qe8 13. Na4 Nh5 14. Qd2 Qg6
15. Rc2 Nxf4 16. gxf4 Bd7 17. Nc5 Be8 18. f3 Bxc5+ 19. Rxc5 Qd6 20. d4 Rf6 21.
e3 Rh6 22. fxe4 fxe4 23. b4 Bd7 24. a4 a6 25. Rf2 Rf8 26. Ra5 Bc8 27. b5 axb5
28. axb5 cxb5 29. Rxb5 Be6 30. Qb4 Qd8 31. Rb6 Qh4 32. Rb8 Rhf6 33. Rxf8+ Rxf8
34. Qd6 Bf7 35. f5 Qg5 36. Qg3 Qf6 37. Bf1 Bh5 38. h4 Bf3 39. Bh3 Rc8 40. Kh2
h6 41. Bg4 Bxg4 42. Qxg4 Qd6+ 43. Qg3 Qf6 44. Qf4 Rf8 45. Kg3 Kh7 46. Kh3 Qc6
47. Rg2 Qd7 48. Rf2 g6 49. h5 Qxf5+ 50. Qxf5 Rxf5 51. hxg6+ Kxg6 52. Rg2+ Kf6
53. Re2 Kg6 54. Rg2+ Kh5 55. Rc2 Rf3+ 56. Kg2 Kg4 57. Rc5 Rf5 58. Rc8 h5 59.
Rg8+ Rg5 60. Rf8 h4 61. Rh8 Rg7 62. Rh6 Rg5 63. Rh8 Rh5 64. Rg8+ Kf5 65. Kh3
Ke6 66. Rg4 Rf5 67. Kxh4 Rf3 68. Rg3 Rf6 69. Kg5 Rf1 70. Rh3 Kd6 71. Rh6+ Kc7
72. Rf6 Rf3 73. Rf5 Kc6 74. Kf6 Rxe3 75. Ke5 Rf3 76. Rh5 e3 77. Rh6+ Kb5 78.
Kxd5 e2 79. Re6 Rf5+ 80. Kd6 Rf6 81. Rxf6 e1=Q 82. Rf5+ Kc4 83. Rc5+ Kxd4 84.
Rd5+ Kc4 85. Rc5+ Kb4 86. Re5 Qg3 87. Kd5 Qd3+ 88. Ke6 Kc4 89. Rf5 Qe4+ 90. Kf6
Kd4 91. Kg5 Qe7+ 92. Kf4 Qh4+ 93. Kf3 Qe4+  0-1

[Event "2. Bundesliga West 2019/20"]
[Site "Jenbach"]
[Date "2019.10.04"]
[Round "1"]
[Board "6"]
[White "Blaskowski, Johannes"]
[Black "Lederwasch, Bernhard"]
[Result "1/2-1/2"]
[WhiteElo "2292"]
[BlackElo "2166"]
[PlyCount "47"]
[EventDate "2019.10.04"]
[EventType "team"]
[EventRounds "11"]
[EventCountry "AUT"]
[WhiteTeam "Kufstein/Woergl"]
[BlackTeam "Jenbach 2"]

1. e4 c5 2. Nf3 d6 3. d4 cxd4 4. Nxd4 Nf6 5. Nc3 a6 6. Bg5 e6 7. Qd3 b5 8. f4
Qc7 9. O-O-O Nbd7 10. Qf3 b4 11. Nce2 Bb7 12. Ng3 Nc5 13. Bd3 Be7 14. Kb1 O-O
15. Qe2 Na4 16. Nb3 h6 17. Bxf6 Bxf6 18. e5 dxe5 19. Nh5 exf4 20. Nxf6+ gxf6
21. Qg4+ Kh8 22. Qh4 Kg7 23. Qg4+ Kh8 24. Qh4  1/2-1/2

[Event "2. Bundesliga West 2019/20"]
[Site "Jenbach"]
[Date "2019.10.04"]
[Round "1"]
[Board "1"]
[White "Moroder, Stefan"]
[Black "Shengelia, David"]
[Result "1/2-1/2"]
[WhiteElo "2255"]
[BlackElo "2531"]
[PlyCount "135"]
[EventDate "2019.10.04"]
[EventType "team"]
[EventRounds "11"]
[EventCountry "AUT"]
[WhiteTeam "Rochade/Rum"]
[BlackTeam "Absam"]

1. e4 c5 2. Nf3 d6 3. d4 cxd4 4. Nxd4 Nf6 5. Nc3 a6 6. h3 e5 7. Nde2 h5 8. g3
Be7 9. a4 Nc6 10. Bg2 Nb4 11. Bg5 Be6 12. Qd2 Rc8 13. O-O O-O 14. Rac1 Nd7 15.
Bxe7 Qxe7 16. Rfd1 Nb6 17. b3 Rfd8 18. a5 Nd7 19. Qxd6 Qxd6 20. Rxd6 Kf8 21. f4
Ke7 22. Rd2 Nf6 23. Rxd8 Kxd8 24. Rd1+ Ke8 25. fxe5 Nd7 26. Nd5 Nxc2 27. Rc1
Nxe5 28. Nef4 Nd4 29. Rxc8+ Bxc8 30. Nxh5 Nxb3 31. Nxg7+ Kf8 32. Nf5 Nxa5 33.
Nb6 Be6 34. Bf1 Nac4 35. Bxc4 Bxc4 36. Nd6 Be6 37. Nxb7 Bxh3 38. Kf2 Nc6 39.
Ke3 Bf1 40. Kf4 a5 41. g4 Be2 42. g5 Bd1 43. Nc5 Kg7 44. Kf5 Bc2 45. Nba4 Ne7+
46. Kg4 Kg6 47. Nc3 Nc8 48. Kf4 Nb6 49. e5 Bf5 50. e6 fxe6 51. Ke5 Nc4+ 52. Kd4
Nb2 53. Ke5 Nc4+ 54. Kd4 Nd2 55. Ke5 Nf3+ 56. Kf4 Nd4 57. Ke5 Nf3+ 58. Kf4 Nxg5
59. Nb7 Ne4 60. Nxe4 Bxe4 61. Kxe4 a4 62. Nc5 a3 63. Nb3 a2 64. Kd3 e5 65. Kc2
e4 66. Kb2 e3 67. Nc1 Kf5 68. Kxa2  1/2-1/2

[Event "2. Bundesliga West 2019/20"]
[Site "Jenbach"]
[Date "2019.10.04"]
[Round "1"]
[Board "2"]
[White "Lehner, Oliver"]
[Black "Kondrak, Christoph"]
[Result "1-0"]
[WhiteElo "2412"]
[BlackElo "2085"]
[PlyCount "127"]
[EventDate "2019.10.04"]
[EventType "team"]
[EventRounds "11"]
[EventCountry "AUT"]
[WhiteTeam "Absam"]
[BlackTeam "Rochade/Rum"]

1. Nf3 c5 2. c4 Nf6 3. Nc3 b6 4. d4 cxd4 5. Nxd4 Qc7 6. e4 Bb7 7. Ndb5 Qc6 8.
f3 a6 9. Nd4 Qc7 10. Be3 e6 11. Qd2 Nc6 12. Rc1 Nxd4 13. Bxd4 Bd6 14. g3 Bc5
15. Be2 Rc8 16. O-O O-O 17. Na4 e5 18. Nxc5 bxc5 19. Bc3 Rfe8 20. Bd3 h6 21.
Rce1 Nh7 22. Bc2 Ng5 23. Rd1 Bc6 24. b4 cxb4 25. Bxb4 Qa7+ 26. Kg2 Ne6 27. Bc3
f6 28. Qf2 Qxf2+ 29. Kxf2 Rb8 30. Rb1 Kf7 31. Ke3 a5 32. Rxb8 Rxb8 33. Rb1 Ra8
34. Rb6 Nc5 35. Bd2 Ke7 36. Bc1 Ne6 37. Ba3+ Kf7 38. Bd3 g6 39. Bd6 Nd8 40. f4
exf4+ 41. gxf4 Nb7 42. Ba3 Re8 43. Kd4 g5 44. f5 g4 45. c5 Kg7 46. Rb1 h5 47.
Rg1 Kh7 48. h3 Rg8 49. hxg4 hxg4 50. Bc4 Re8 51. Rxg4 Nd8 52. Bc1 Ne6+ 53. fxe6
dxe6 54. Bd3 Rb8 55. a3 Rb3 56. Rg2 a4 57. Rb2 e5+ 58. Ke3 Rc3 59. Rc2 Rb3 60.
Kd2 Kg6 61. Rc4 Rb8 62. Rb4 Rd8 63. Ke3 Rh8 64. Rb6  1-0

[Event "2. Bundesliga West 2019/20"]
[Site "Jenbach"]
[Date "2019.10.04"]
[Round "1"]
[Board "3"]
[White "Jedinger, Andreas"]
[Black "Rotstein, Arkadij"]
[Result "0-1"]
[WhiteElo "2092"]
[BlackElo "2469"]
[PlyCount "52"]
[EventDate "2019.10.04"]
[EventType "team"]
[EventRounds "11"]
[EventCountry "AUT"]
[WhiteTeam "Rochade/Rum"]
[BlackTeam "Absam"]

1. e4 c5 2. Nf3 e6 3. d4 cxd4 4. Nxd4 a6 5. Bd3 Nf6 6. Qe2 d6 7. c4 g6 8. O-O
Bg7 9. Rd1 O-O 10. Nc3 Nfd7 11. Be3 Nc6 12. Nxc6 bxc6 13. Qd2 Rb8 14. Rab1 f5
15. exf5 gxf5 16. Bc2 d5 17. cxd5 cxd5 18. Nxd5 exd5 19. Qxd5+ Kh8 20. Bxf5 Rb5
21. Bc5 Rxc5 22. Qxc5 Nxc5 23. Rxd8 Rxd8 24. Bxc8 Rxc8 25. Rc1 Bxb2 26. Rc2 Bd4
 0-1

[Event "2. Bundesliga West 2019/20"]
[Site "Jenbach"]
[Date "2019.10.04"]
[Round "1"]
[Board "4"]
[White "Wegerle, Joerg"]
[Black "Berchtold, Clemens"]
[Result "1-0"]
[WhiteElo "2395"]
[BlackElo "2050"]
[PlyCount "82"]
[EventDate "2019.10.04"]
[EventType "team"]
[EventRounds "11"]
[EventCountry "AUT"]
[WhiteTeam "Absam"]
[BlackTeam "Rochade/Rum"]

1. d4 d5 2. Nf3 Nf6 3. c4 dxc4 4. Qa4+ Nc6 5. Nc3 Nd5 6. e4 Nb6 7. Qd1 Bg4 8.
d5 Ne5 9. Bf4 Ng6 10. Be3 e6 11. Bxc4 Nxc4 12. Qa4+ Qd7 13. Qxc4 exd5 14. Nxd5
c6 15. Nf4 Bxf3 16. Nxg6 hxg6 17. gxf3 Bd6 18. O-O-O Qc7 19. Rd3 O-O-O 20. Rhd1
Bf4 21. Rxd8+ Rxd8 22. Rxd8+ Kxd8 23. Qd4+ Kc8 24. Qxg7 Bxe3+ 25. fxe3 Qxh2 26.
Qf8+ Kc7 27. Qxf7+ Kb6 28. Qb3+ Kc7 29. Qf7+ Kb6 30. Qf6 Qg1+ 31. Kd2 Qf2+ 32.
Kd3 Qf1+ 33. Kd4 Qc1 34. Ke5 Qxb2+ 35. Ke6 Qxa2+ 36. Kd7 Qd2+ 37. Kc8 Qg2 38.
e5 Qh3+ 39. e6 Kb5 40. Kc7 Qg3+ 41. f4 Qxe3  1-0

[Event "2. Bundesliga West 2019/20"]
[Site "Jenbach"]
[Date "2019.10.04"]
[Round "1"]
[Board "6"]
[White "De Francesco, Klaus"]
[Black "Ritzer, Franz"]
[Result "1-0"]
[WhiteElo "2276"]
[BlackElo "2039"]
[PlyCount "91"]
[EventDate "2019.10.04"]
[EventType "team"]
[EventRounds "11"]
[EventCountry "AUT"]
[WhiteTeam "Absam"]
[BlackTeam "Rochade/Rum"]

1. d4 Nf6 2. c4 e6 3. Nc3 Bb4 4. Qc2 d5 5. a3 Be7 6. Bg5 O-O 7. e3 b6 8. cxd5
exd5 9. Bd3 Nbd7 10. Nge2 c5 11. O-O Bb7 12. Rad1 h6 13. Bh4 Rc8 14. Bf5 c4 15.
Bxf6 Bxf6 16. Nf4 g6 17. Bh3 Bg7 18. Nfxd5 Re8 19. e4 Bc6 20. Ne3 Qe7 21. Nxc4
Bxe4 22. Nxe4 b5 23. Ned6 bxc4 24. Nxc8 Rxc8 25. Rfe1 Qd6 26. Bxd7 Qxd7 27. d5
Qd6 28. g3 h5 29. Re2 h4 30. Qe4 Bf6 31. Qf4 Qa6 32. Rc2 hxg3 33. hxg3 Kg7 34.
d6 Qc6 35. Re2 Rd8 36. Qd2 Qf3 37. Re3 Qg4 38. Qe2 Qh3 39. Re8 Rd7 40. Rb8 Bd8
41. Qxc4 Bb6 42. Rxb6 axb6 43. Qd4+ f6 44. Qxb6 g5 45. Qd4 Kg6 46. Qe4+  1-0

[Event "2. Bundesliga West 2019/20"]
[Site "Wolfurt"]
[Date "2019.10.04"]
[Round "1"]
[Board "1"]
[White "Eybl, Alexander"]
[Black "Srienz, Christian"]
[Result "1/2-1/2"]
[WhiteElo "2288"]
[BlackElo "2177"]
[PlyCount "55"]
[EventDate "2019.10.04"]
[EventType "team"]
[EventRounds "11"]
[EventCountry "AUT"]
[WhiteTeam "Pradl"]
[BlackTeam "SK Hoerbranz"]

1. Nf3 d5 2. d4 Nf6 3. e3 c5 4. c3 cxd4 5. exd4 Nc6 6. Bf4 e6 7. Nbd2 Nh5 8.
Bg3 Bd6 9. Bxd6 Qxd6 10. Bb5 Bd7 11. O-O Nf4 12. Re1 O-O 13. Ne5 Be8 14. Qg4 f6
15. Qxf4 fxe5 16. Qg3 Nxd4 17. cxd4 Bxb5 18. Rxe5 Qb4 19. Qc3 Qxc3 20. bxc3
Rac8 21. a4 Bd7 22. Re3 a5 23. Nf3 Rc4 24. Rb1 Bc8 25. Ra1 Bd7 26. Rb1 Bc8 27.
Ra1 Bd7 28. Rb1  1/2-1/2

[Event "2. Bundesliga West 2019/20"]
[Site "Wolfurt"]
[Date "2019.10.04"]
[Round "1"]
[Board "2"]
[White "Schmidlechner, Alexander"]
[Black "Bezler, Rainer"]
[Result "1/2-1/2"]
[WhiteElo "2152"]
[BlackElo "2222"]
[PlyCount "94"]
[EventDate "2019.10.04"]
[EventType "team"]
[EventRounds "11"]
[EventCountry "AUT"]
[WhiteTeam "SK Hoerbranz"]
[BlackTeam "Pradl"]

1. d4 d5 2. c4 c6 3. cxd5 cxd5 4. Nc3 Nf6 5. Nf3 Nc6 6. Bf4 Nh5 7. Bd2 e6 8. e3
Nf6 9. Bd3 Be7 10. a3 O-O 11. O-O b6 12. b4 Bb7 13. b5 Na5 14. Ne5 Rc8 15. Qa4
Nd7 16. f4 Nxe5 17. fxe5 Nc4 18. Bxc4 Rxc4 19. Qb3 f6 20. exf6 Bxf6 21. Ne2 e5
22. Bc3 Bg5 23. Bb2 exd4 24. Rxf8+ Qxf8 25. Bxd4 Qe7 26. Qd3 Ra4 27. Ng3 Bc8
28. Rc1 Be6 29. Rc3 Rc4 30. Nf1 Qd7 31. Nd2 Bf5 32. Qe2 Rxc3 33. Bxc3 Be7 34.
a4 Bc5 35. Nf3 a6 36. Nd4 axb5 37. Qxb5 Qxb5 38. axb5 Be4 39. Kf2 Kf7 40. Nb3
Bd6 41. Bd4 Bc7 42. Nc1 g5 43. Ne2 h5 44. Nc3 Ke6 45. h3 g4 46. Ne2 gxh3 47.
gxh3 h4  1/2-1/2

[Event "2. Bundesliga West 2019/20"]
[Site "Wolfurt"]
[Date "2019.10.04"]
[Round "1"]
[Board "3"]
[White "Meier, Alexander"]
[Black "Engelhart, Achim"]
[Result "0-1"]
[WhiteElo "2206"]
[BlackElo "2055"]
[PlyCount "53"]
[EventDate "2019.10.04"]
[EventType "team"]
[EventRounds "11"]
[EventCountry "AUT"]
[WhiteTeam "Pradl"]
[BlackTeam "SK Hoerbranz"]

1. e4 e6 2. Nf3 d5 3. e5 c5 4. b4 cxb4 5. a3 d4 6. Bb2 Nc6 7. axb4 Bxb4 8. Bb5
Bc5 9. Ra4 Bd7 10. O-O Nge7 11. Bxd4 Bxd4 12. Nxd4 Nxe5 13. Qh5 N5g6 14. Nxe6
fxe6 15. Rd4 Nc6 16. Rd3 Qh4 17. Qc5 Qe7 18. Qh5 O-O-O 19. Na3 Nf4 20. Qf3 Nxd3
21. Qxd3 Rhf8 22. Qe3 Rf5 23. Rb1 Qc5 24. d4 Qxd4 25. Bxc6 Bxc6 26. Qxe6+ Qd7
27. Qe3  0-1

[Event "2. Bundesliga West 2019/20"]
[Site "Wolfurt"]
[Date "2019.10.04"]
[Round "1"]
[Board "4"]
[White "Mittelberger, Peter"]
[Black "Doskocil, Klaus"]
[Result "1/2-1/2"]
[WhiteElo "2174"]
[BlackElo "2188"]
[PlyCount "106"]
[EventDate "2019.10.04"]
[EventType "team"]
[EventRounds "11"]
[EventCountry "AUT"]
[WhiteTeam "SK Hoerbranz"]
[BlackTeam "Pradl"]

1. c4 d6 2. Nc3 g6 3. g3 Bg7 4. Bg2 e5 5. e3 Ne7 6. Nge2 Nd7 7. O-O O-O 8. d3
f5 9. b4 g5 10. Qc2 Nf6 11. f4 gxf4 12. exf4 Ng6 13. Bb2 c6 14. b5 Ng4 15. Nd1
cxb5 16. h3 Nf6 17. cxb5 Qb6+ 18. d4 exf4 19. Qb3+ Kh8 20. Nxf4 Nxf4 21. Rxf4
Bh6 22. Rf1 Bd7 23. a4 Rae8 24. a5 Qxb5 25. Qxb5 Bxb5 26. Rxf5 Bd3 27. Rf2 Re1+
28. Kh2 d5 29. Bc3 Re6 30. Bd2 Bxd2 31. Rxd2 Be4 32. Nc3 Bxg2 33. Rxg2 Rc8 34.
Ne2 Rc4 35. Rb1 b6 36. axb6 Rxb6 37. Ra1 a6 38. Ra2 Ne4 39. Ra5 Rd6 40. Ra3 Kg7
41. Rd3 a5 42. Nf4 a4 43. Re2 Rc3 44. Rxc3 Nxc3 45. Rc2 Nb5 46. Rc5 Nxd4 47.
Ra5 Rb6 48. Rxa4 Rb2+ 49. Kg1 Nf3+ 50. Kf1 Rd2 51. Ra3 Ng5 52. Ra5 Ne4 53. Rxd5
Nxg3+  1/2-1/2

[Event "2. Bundesliga West 2019/20"]
[Site "Wolfurt"]
[Date "2019.10.04"]
[Round "1"]
[Board "5"]
[White "Matt, Stefan"]
[Black "Weidel, Albrecht"]
[Result "1-0"]
[WhiteElo "2189"]
[BlackElo "2136"]
[PlyCount "121"]
[EventDate "2019.10.04"]
[EventType "team"]
[EventRounds "11"]
[EventCountry "AUT"]
[WhiteTeam "Pradl"]
[BlackTeam "SK Hoerbranz"]

1. e4 c5 2. Nc3 Nc6 3. Bb5 g6 4. f4 Bg7 5. Nf3 Nd4 6. Bd3 d6 7. Nxd4 Bxd4 8.
Qf3 e6 9. Ne2 Bg7 10. c3 Ne7 11. Bc2 Bd7 12. O-O Bc6 13. d4 f5 14. dxc5 dxc5
15. Qe3 Rc8 16. Rd1 Qb6 17. exf5 exf5 18. Bb3 Be4 19. Ng3 c4 20. Qxb6 axb6 21.
Nxe4 fxe4 22. Bc2 Rd8 23. Rxd8+ Kxd8 24. Bxe4 Kc7 25. Be3 Nf5 26. Bxf5 gxf5 27.
Rd1 Kc6 28. Kf2 Ra8 29. a3 Bf8 30. Kf3 Re8 31. h3 h5 32. Bd4 b5 33. Be5 Bc5 34.
g4 hxg4+ 35. hxg4 fxg4+ 36. Kxg4 Rg8+ 37. Kf3 Re8 38. Ke4 Rg8 39. Kf3 Re8 40.
Rd2 Re6 41. Rh2 Kd5 42. Rh5 Kc6 43. Ke4 Rg6 44. f5 Rg4+ 45. Kf3 Rg1 46. Rh2 Kd5
47. Re2 Bb6 48. Bg3 Rf1+ 49. Kg4 Bc5 50. Re1 Rxe1 51. Bxe1 Ke4 52. f6 Kd3 53.
f7 Kc2 54. Kf5 Kxb2 55. Ke6 Bxa3 56. Bg3 Bf8 57. Bd6 b4 58. Bxf8 bxc3 59. Bg7
Kb3 60. f8=Q c2 61. Qf1  1-0

[Event "2. Bundesliga West 2019/20"]
[Site "Wolfurt"]
[Date "2019.10.04"]
[Round "1"]
[Board "6"]
[White "Goetz, Siegmar"]
[Black "Nussbaumer, Leon"]
[Result "1-0"]
[WhiteElo "2063"]
[BlackElo "1975"]
[PlyCount "61"]
[EventDate "2019.10.04"]
[EventType "team"]
[EventRounds "11"]
[EventCountry "AUT"]
[WhiteTeam "SK Hoerbranz"]
[BlackTeam "Pradl"]

1. e4 c5 2. b3 Nc6 3. Bb2 d6 4. Bb5 Bd7 5. f4 e5 6. Nf3 exf4 7. O-O Nf6 8. Nc3
Be7 9. d4 cxd4 10. Nxd4 Ne5 11. Bxd7+ Qxd7 12. Rxf4 O-O 13. Nf5 Ng6 14. Rf1
Rfe8 15. Nxg7 Red8 16. Nh5 Qe6 17. Ng3 Bf8 18. Qf3 Ng4 19. Nd5 N6e5 20. Qf5
Qxf5 21. Rxf5 Bg7 22. Kh1 Ng6 23. Bxg7 Kxg7 24. Raf1 N4e5 25. Rf6 Nh4 26. R1f4
Nhg6 27. Nf5+ Kf8 28. Rf1 Rac8 29. Nxd6 Rc6 30. Rxf7+ Nxf7 31. Rxf7+  1-0

[Event "2. Bundesliga West 2019/20"]
[Site "Wolfurt"]
[Date "2019.10.04"]
[Round "1"]
[Board "1"]
[White "Breder, Dennis"]
[Black "Hoefelsauer, Thomas"]
[Result "0-1"]
[WhiteElo "2464"]
[BlackElo "2365"]
[PlyCount "56"]
[EventDate "2019.10.04"]
[EventType "team"]
[EventRounds "11"]
[EventCountry "AUT"]
[WhiteTeam "Hohenems II"]
[BlackTeam "Wolfurt"]

1. d4 d5 2. c4 c6 3. Nc3 Nf6 4. e3 a6 5. Nf3 Bf5 6. cxd5 cxd5 7. Ne5 Nbd7 8. f3
Qb8 9. g4 Be6 10. Nxd7 Nxd7 11. e4 Nb6 12. Qb3 Qd8 13. exd5 Nxd5 14. Bc4 Nc7
15. d5 Bc8 16. Bf4 b5 17. Be2 b4 18. Qxb4 e5 19. Qe4 Bd6 20. Bxe5 O-O 21. Bxd6
Qxd6 22. O-O f5 23. Qc4 Bb7 24. Rad1 Kh8 25. b4 Nb5 26. Nxb5 axb5 27. Qd4 Rxa2
28. Bxb5 Qxh2#  0-1

[Event "2. Bundesliga West 2019/20"]
[Site "Wolfurt"]
[Date "2019.10.04"]
[Round "1"]
[Board "2"]
[White "Neuberger, Guido"]
[Black "Berchtenbreiter, Maximilian"]
[Result "0-1"]
[WhiteElo "2246"]
[BlackElo "2467"]
[PlyCount "74"]
[EventDate "2019.10.04"]
[EventType "team"]
[EventRounds "11"]
[EventCountry "AUT"]
[WhiteTeam "Wolfurt"]
[BlackTeam "Hohenems II"]

1. d4 g6 2. Nf3 Bg7 3. c3 c6 4. Bf4 d6 5. h3 Nd7 6. e3 Ngf6 7. Be2 O-O 8. O-O
a5 9. a4 Nd5 10. Bg3 f5 11. Nbd2 N7f6 12. Re1 Kh8 13. Bf1 Be6 14. e4 fxe4 15.
Ng5 Bf5 16. Ngxe4 Nxe4 17. Nxe4 Bh6 18. Bh4 Qc7 19. Ng3 e5 20. Nxf5 gxf5 21. c4
Nf4 22. c5 e4 23. Bg3 d5 24. Qc1 Nxh3+ 25. gxh3 Qg7 26. Qc3 f4 27. Bg2 Rg8 28.
Rad1 Raf8 29. Kh2 fxg3+ 30. fxg3 Bf4 31. Re3 Bxe3 32. Qxe3 Rf3 33. Qe1 Rxg3 34.
Bf1 Rg2+ 35. Kh1 Rg1+ 36. Kh2 Qg2+ 37. Bxg2 R8xg2#  0-1

[Event "2. Bundesliga West 2019/20"]
[Site "Wolfurt"]
[Date "2019.10.04"]
[Round "1"]
[Board "3"]
[White "Hofer, Emilian"]
[Black "Donev, Ivo"]
[Result "1/2-1/2"]
[WhiteElo "2192"]
[BlackElo "2319"]
[PlyCount "94"]
[EventDate "2019.10.04"]
[EventType "team"]
[EventRounds "11"]
[EventCountry "AUT"]
[WhiteTeam "Hohenems II"]
[BlackTeam "Wolfurt"]

1. e4 e6 2. d4 d5 3. Nd2 dxe4 4. Nxe4 Nd7 5. Nf3 Ngf6 6. Bd3 c5 7. Nxf6+ Nxf6
8. Be3 Nd5 9. O-O Be7 10. c3 O-O 11. Qe2 b6 12. dxc5 bxc5 13. Rad1 Qc7 14. Bg5
Bxg5 15. Nxg5 h6 16. Nf3 Nf4 17. Qe4 Nxd3 18. Qxd3 Bb7 19. Qe3 Rfd8 20. h3 Bd5
21. a3 Qb7 22. b4 cxb4 23. cxb4 Rac8 24. Rc1 Bxf3 25. Qxf3 Qxf3 26. gxf3 Kf8
27. Kg2 Ke7 28. Rfe1 Kf6 29. Red1 Rxd1 30. Rxd1 Rc3 31. a4 Ra3 32. a5 Ke7 33.
Rc1 Kd7 34. Rd1+ Kc7 35. Rc1+ Kb7 36. Rd1 Rc3 37. Rd7+ Rc7 38. Rd6 a6 39. Kg3
Ka7 40. Kg2 Rb7 41. Rd4 Kb8 42. Rd6 Ka7 43. Rd4 Rc7 44. Kg3 Kb8 45. Rd6 Rb7 46.
Rxa6 Rxb4 47. Rd6 Kb7  1/2-1/2

[Event "2. Bundesliga West 2019/20"]
[Site "Wolfurt"]
[Date "2019.10.04"]
[Round "1"]
[Board "4"]
[White "Janko, Ladislav"]
[Black "Novkovic, Julia"]
[Result "1-0"]
[WhiteElo "2184"]
[BlackElo "2146"]
[PlyCount "75"]
[EventDate "2019.10.04"]
[EventType "team"]
[EventRounds "11"]
[EventCountry "AUT"]
[WhiteTeam "Wolfurt"]
[BlackTeam "Hohenems II"]

1. e4 e5 2. Nf3 Nc6 3. Bb5 a6 4. Ba4 Nf6 5. d3 d6 6. c3 Be7 7. Nbd2 b5 8. Bc2
O-O 9. Nf1 d5 10. Qe2 dxe4 11. dxe4 Be6 12. Bb3 Qd6 13. Ng3 Bxb3 14. axb3 Qe6
15. b4 Nd7 16. O-O Nb6 17. h3 Nc4 18. Nf5 Nd6 19. Nxd6 Bxd6 20. Rd1 Ne7 21. Be3
Ng6 22. Ra5 Be7 23. Rda1 Rfd8 24. Ne1 h6 25. Nc2 Qc6 26. Qg4 h5 27. Qf5 Nh4 28.
Qxe5 Bd6 29. Nd4 Qb7 30. Qxh5 Ng6 31. Qf5 Re8 32. Qd5 Qb8 33. Rxa6 Rxa6 34.
Rxa6 Qc8 35. Qxb5 Qd8 36. Nf5 Bf8 37. Qd5 Qc8 38. Rxg6  1-0